[Event "ESP-ch States U16"]
[Site "Isla"]
[Date "2022.06.25"]
[Round "4"]
[White "Moll Pons, Jana"]
[Black "Abrisqueta Zudaire, Ines"]
[Result "1/2-1/2"]
[WhiteElo "1727"]
[BlackElo "1621"]
[PlyCount "71"]
[EventDate "2022.06.23"]
[EventType "swiss"]
[EventRounds "6"]
[EventCountry "ESP"]
[SourceTitle "EXT 2023"]
[Source "ChessBase"]
[SourceDate "2022.10.05"]
[SourceVersion "1"]
[SourceVersionDate "2022.10.05"]
[SourceQuality "1"]

1. e4 e5 2. Nf3 Nf6 3. Nxe5 d6 4. Nf3 Nxe4 5. Nc3 Nf6 6. d4 d5 7. Bd3 Bd6 8. Nb5 Be7 9. Bf4 Na6 10. a3 c6 11. Nc3 Nc7 12. h3 Bd6 13. Be5 Ne6 14. Ne2 0-0 15. g4 Ne4 16. Bxd6 Qxd6 17. c4 Nf4 18. Nxf4 Qxf4 19. Be2 Re8 20. Qc1 Qd6 21. c5 Qe7 22. 0-0 f5 23. Ne5 Qh4 24. Qe3 fxg4 25. hxg4 Re6 26. Qf4 Rf6 27. Qh2 Qxh2+ 28. Kxh2 Rxf2+ 29. Rxf2 Nxf2 30. Rf1 Ne4 31. Rf7 Rb8 32. Re7 Kf8 33. Rf7+ Kg8 34. Re7 Kf8 35. Rf7+ Kg8 36. Rc7 1/2-1/2

[Event "ESP-ch U16"]
[Site "Salobrena"]
[Date "2021.07.21"]
[Round "5"]
[White "Lorente Serrano, Rosa Adela"]
[Black "Moll Pons, Jana"]
[Result "1-0"]
[WhiteElo "2022"]
[BlackElo "1768"]
[PlyCount "61"]
[EventDate "2021.07.19"]
[EventType "swiss"]
[EventRounds "9"]
[EventCountry "ESP"]
[SourceTitle "EXT 2022"]
[Source "ChessBase"]
[SourceDate "2021.10.06"]
[SourceVersion "1"]
[SourceVersionDate "2021.10.06"]
[SourceQuality "1"]

1. Nf3 d5 2. g3 Nf6 3. Bg2 e6 4. c4 c6 5. b3 Be7 6. 0-0 0-0 7. Bb2 b6 8. d3 Bb7 9. Nbd2 c5 10. cxd5 Nxd5 11. d4 cxd4 12. Nxd4 Nc6 13. Nxc6 Bxc6 14. Rc1 Rc8 15. e4 Nb4 16. Qg4 g6 17. Nc4 f5 18. exf5 exf5 19. Qe2 Bf6 20. Qe6+ Kg7 21. Rcd1 Qe8 22. Qxe8 Bxe8 23. Ba3 Be7 24. Rfe1 Bc5 25. Bb2+ Kg8 26. a3 Nc6 27. b4 Nxb4 28. axb4 Bxb4 29. Nd6 Rd8 30. Bd5+ Bf7 31. Nxf7 1-0

[Event "ESP-ch U14"]
[Site "Salobrena"]
[Date "2020.08.03"]
[Round "2"]
[White "Moll Pons, Jana"]
[Black "Abrisqueta Zudaire, Ines"]
[Result "1-0"]
[WhiteElo "1744"]
[BlackElo "1516"]
[PlyCount "33"]
[EventDate "2020.08.03"]
[EventType "swiss"]
[EventRounds "9"]
[EventCountry "ESP"]
[SourceTitle "EXT 2021"]
[Source "ChessBase"]
[SourceDate "2020.10.23"]
[SourceVersion "1"]
[SourceVersionDate "2020.10.23"]
[SourceQuality "1"]

1. e4 e5 2. Nf3 Nc6 3. Bb5 Nge7 4. Nc3 g6 5. d4 exd4 6. Nd5 Nxd5 7. exd5 Qe7+ 8. Kf1 Ne5 9. Qxd4 Nxf3 10. gxf3 f6 11. Bf4 Kf7 12. Re1 Qb4 13. Qxb4 Bxb4 14. c3 Ba5 15. d6 cxd6 16. Bc4+ Kf8 17. Bh6# 1-0